000 00548nam a2200181Ia 4500
005 20250923144512.0
008 008 250917s9999 xx 000 0 eng d
037 _aTextual
040 _aDSWL
_beng
_cDSWL
041 _aeng
_2eng
084 _qDSWL
100 _aJacoby, Erich.H.
_9825526
245 0 _aInter relationship between agrarian & agricultural development
_cby Erich.H. Jacoby
260 _aRome
_bFood & Agricutural Organisation of the U N
_c1954
300 _avi,63p.
942 _cTEXL
999 _c1439724
_d1439724